000 00761nam a22002177a 4500
999 _c3227
_d3227
003 AR-CdUCM
008 190306b ||||| |||| 00| 0 spa d
020 _a84-278-091-3
040 _aMUNICIPALIDAD PROVINCIAL DEL CUSCO
_cBIBLIOTECA MUNICIPAL DEL CUSCO
082 _a858.8 /
_bSA18D
100 _aSalgari, Emilio
_9800
245 _aLa defensa del Chipre /
260 _aBarcelona :
_bNauta,
_c1984.
300 _a189 páginas ;
_bIlustraciones.
_c18 cm.
440 _n2
_910802
505 _aContenido: Cristianos pescando sanguijuelas -- La sobrina de Alí- Bajá -- Los caprichos de Haradja -- Cristiana frente a turco -- Historia sangrienta ...
650 _aNovelas italianas
_99329
650 _aSiglo XIX
_9971
942 _2ddc
_cLIBROS
945 _aafb